书目信息 |
| 题名: |
供应链管理技术与方法
|
|
| 作者: | 张成海 编著 | |
| 分册: | ||
| 出版信息: | 北京 清华大学出版社 2002.09 |
|
| 页数: | 176页 | |
| 开本: | 24cm | |
| 丛书名: | ||
| 单 册: | ||
| 中图分类: | F252 | |
| 科图分类: | ||
| 主题词: | 物资经济 | |
| 电子资源: | ||
| ISBN: | 7-302-05624-2 | |
| 000 | 00566nam0 2200193 45 | |
| 001 | 0453877211 | |
| 005 | 2004042914575537 | |
| 010 | @a7-302-05624-2@dCNY 20.00 | |
| 100 | @a20040429d2002 km y0chiy0120 ea | |
| 101 | 0 | @achi |
| 102 | @aCN@b110000 | |
| 200 | 1 | @a供应链管理技术与方法@AGong Ying Lian Guan Li Ji Shu Yu Fang Fa@f张成海编著@FZhang Cheng Hai Bian Zhu |
| 210 | @a北京@c清华大学出版社@d2002.09 | |
| 215 | @a176页@d24cm | |
| 606 | 0 | @a物资经济 |
| 690 | @aF252@v3 | |
| 701 | 0 | @a张成海@AZhang Cheng Hai@4编著 |
| 801 | 0 | @aCN@bPFT@c20040429 |
| 905 | @dF252@eZ082 | |
| 供应链管理技术与方法/张成海编著.-北京:清华大学出版社,2002.09 |
| 176页;24cm |
| ISBN 7-302-05624-2:CNY 20.00 |
| ● |
| 相关链接 |
|
|
|
正题名:供应链管理技术与方法
索取号:F252/Z082
 
预约/预借
| 序号 | 登录号 | 条形码 | 馆藏地/架位号 | 状态 | 备注 |
| 1 | 382209 | 203822097 | 社科二线422/422社科库 13排1列2层/ [索取号:F252/Z082] | 在馆 | |
| 2 | 382210 | 203822104 | 社科二线422/409社科库 80排4列3层/ [索取号:F252/Z082] | 在馆 | |
| 3 | 382211 | 203822113 | 社科库409/409社科库 80排4列3层/ [索取号:F252/Z082] | 在馆 |